000 00510nam a22001697a 4500
005 20251108174707.0
008 250721s2007 xx 000 0 ara d
082 1 4 _a218.2/شحا
100 1 _aشحاتة، شريف محمد
_eمؤلف
245 1 0 _aالى الأخلاق من جديد /
264 1 _aالقاهرة :
_bدار أجيال،
_c2007.
300 _a383ص
650 1 7 _aالاخلاق الاسلاميه
650 1 7 _aالثقافه الاسلاميه
942 _2ddc
_cBK
999 _c115632
_d115632